Η Στρατηγική της Ποιότητας και η Ελληνική Μικρομεσαία Επιχείρηση (Record no. 1813)
[ view plain ]
| 000 -LEADER | |
|---|---|
| fixed length control field | 01631cam a22001934a 4500 |
| 005 - ΗΜΕΡΟΜΗΝΙΑ ΚΑΙ ΩΡΑ ΤΕΛΕΥΤΑΙΑΣ ΕΝΗΜΕΡΩΣΗΣ | |
| Πεδίο ελέγχου | 20250605164020.0 |
| 008 - FIXED-LENGTH DATA ELEMENTS--GENERAL INFORMATION | |
| Πεδίο ελέγχου σταθερού μήκους | 250528s ||||||||||||||||||||||||d |
| 035 ## - SYSTEM CONTROL NUMBER | |
| System control number | 16297 |
| 020 ## - ISBN | |
| ISBN | 9602095288 |
| 040 ## - ΠΗΓΗ ΚΑΤΑΛΟΓΟΓΡΑΦΗΣΗΣ | |
| Φορέας πρωτότυπης καταλογογράφησης | MC Athens Campus Library |
| Γλώσσα καταλογογράφησης | Ελληνικά, Μοντέρνα (1453-) |
| Modifying agency | MC Athens Campus Library |
| Κανόνες περιγραφικής καταλογογράφησης | AACR2 |
| 245 1# - ΤΙΤΛΟΣ ΚΑΙ ΔΗΛΩΣΗ ΥΠΕΥΘΥΝΟΤΗΤΑΣ | |
| Τίτλος | Η Στρατηγική της Ποιότητας και η Ελληνική Μικρομεσαία Επιχείρηση |
| 260 ## - PUBLICATION, DISTRIBUTION, ETC. | |
| Name of publisher, distributor, etc. | Κλειδάριθμος, |
| Date of publication, distribution, etc. | 2001 |
| 300 ## - PHYSICAL DESCRIPTION | |
| Extent | 256 |
| 520 ## - SUMMARY, ETC. | |
| Summary, etc. | Διεξοδική Ανάλυση του Θεωρητικού Πλαισίου της Στρατηγικής της Ποιότητας και Παράθεση Πρακτικών Μεθόδων για τη Βελτίωση της Απόδοσης των Ελληνικών ΜΜΕ. Η Ελληνική Μικρομεσαία Επιχείρηση, Ποιότητα Προιόντων και Υπηρεσιών, Η Φιλοσοφία της Διοίκησης Ολικής Ποιότητας, Η Οικονομική Προσέγγιση της Ποιότητας, Συστηματική Προσέγγιση των ΜΜΕ, Πέλατες, Προμηθευτές, Εργαλεία Ποιότητας, Συστήματα Διάσφάλισης Ποιότητας - ISO 9000, Ένα Μοντέλο/ Πλαίσιο για την Επιτυχημένη Εφαρμογή της Διοίκησης Ολικής Ποιότητας, Επίλογος, Στατιστική Ανάλυση των Διαγραμμάτων Ελέγχου, Βιβλιογραφία. |
| 700 1# - ΠΡΟΣΘΕΤΗ ΑΝΑΓΡΑΦΗ--ΦΥΣΙΚΟ ΠΡΟΣΩΠΟ | |
| Personal name | Καμπουρίδης Γεώργιος |
| 9 (RLIN) | 2380 |
| 942 ## - ADDED ENTRY ELEMENTS (KOHA) | |
| Koha item type | Books |
| Τύπος τεκμηρίου | Βιβλιοθήκη | Τρέχουσα τοποθεσία | Barcode | Αριθμός εισαγωγής | Ημερομηνία απόκτησης | Ταξιθετικό σύμβολο | Αριθμός αντιτύπου | Κατάσταση απόσυρσης | Κατάσταση χαμένου | Κατάσταση κατεστραμμένου | Μη δανεισμός | Σύνολο δανεισμών | Ημερομηνία τελευταίας εμφάνισης | Η τιμή ισχύει από |
|---|---|---|---|---|---|---|---|---|---|---|---|---|---|---|
| Books | MC Athens Campus Library | MC Athens Campus Library | 9780000018120 | 3387 | 05/06/2025 | 658.562 KAB | 1 | 05/06/2025 | 05/06/2025 |